<?xml version="1.0" encoding="UTF-8"?>
<record
    xmlns:xsi="http://www.w3.org/2001/XMLSchema-instance"
    xsi:schemaLocation="http://www.loc.gov/MARC21/slim http://www.loc.gov/standards/marcxml/schema/MARC21slim.xsd"
    xmlns="http://www.loc.gov/MARC21/slim">

  <leader>01508nam a22002417a 4500</leader>
  <controlfield tag="003">OSt</controlfield>
  <controlfield tag="005">20230724153905.0</controlfield>
  <controlfield tag="008">230724b           ||||| |||| 00| 0 spa d</controlfield>
  <datafield tag="020" ind1=" " ind2=" ">
    <subfield code="a">9789584880345</subfield>
  </datafield>
  <datafield tag="040" ind1=" " ind2=" ">
    <subfield code="c">CO-MqBPB</subfield>
  </datafield>
  <datafield tag="082" ind1=" " ind2=" ">
    <subfield code="a">305.4 </subfield>
    <subfield code="b">V47</subfield>
  </datafield>
  <datafield tag="100" ind1=" " ind2=" ">
    <subfield code="a">L&#xF3;pez, Ada.</subfield>
    <subfield code="e">Autor</subfield>
  </datafield>
  <datafield tag="245" ind1=" " ind2=" ">
    <subfield code="a">Visi&#xF3;n mujeres /</subfield>
    <subfield code="c">Ada L&#xF3;pez</subfield>
  </datafield>
  <datafield tag="260" ind1=" " ind2=" ">
    <subfield code="a">Bogot&#xE1; : </subfield>
    <subfield code="b">Grupo Editarte, Fundaci&#xF3;n Sara D&#xED;az,</subfield>
    <subfield code="c">2019.</subfield>
  </datafield>
  <datafield tag="300" ind1=" " ind2=" ">
    <subfield code="a">94 p&#xE1;ginas ; </subfield>
    <subfield code="b">Tapa R&#xFA;stica,</subfield>
    <subfield code="c">20 cm.</subfield>
  </datafield>
  <datafield tag="500" ind1=" " ind2=" ">
    <subfield code="a">Este libro se escribi&#xF3; con la intenci&#xF3;n de acercar a todas las personas a los aspectos m&#xE1;s esenciales que tiene lugar cuando se habla de estudios de g&#xE9;nero y feminismo.
En Visi&#xF3;n mujeres, se tratan temas como la importancia de hacer pedagog&#xED;a de g&#xE9;nero, avances hist&#xF3;ricos, las diferentes olas del feminismo, c&#xF3;mo el machismo afecta tambi&#xE9;n a los hombres, la obtenci&#xF3;n de derechos civiles como el voto, legislaci&#xF3;n sobre derechos reproductivos y el acceso de las mujeres a la educaci&#xF3;n superior. Tambi&#xE9;n se aclaran conceptos como sexo, g&#xE9;nero, identidad de g&#xE9;nero, orientaci&#xF3;n sexual, transexual, polisexual, pansexual, cisg&#xE9;nero y queer, as&#xED; como los t&#xE9;rminos mismos de machismo y feminismo, de los cuales suelen tenerse ideas bastante imprecisas. </subfield>
  </datafield>
  <datafield tag="650" ind1=" " ind2=" ">
    <subfield code="a">Colombia Estudios de g&#xE9;nero</subfield>
    <subfield code="x">Mujeres </subfield>
  </datafield>
  <datafield tag="650" ind1=" " ind2=" ">
    <subfield code="a">Colombia Identidad de g&#xE9;nero</subfield>
    <subfield code="x">Derechos de la mujer</subfield>
  </datafield>
  <datafield tag="650" ind1=" " ind2=" ">
    <subfield code="a">Aspectos sociales </subfield>
  </datafield>
  <datafield tag="700" ind1=" " ind2=" ">
    <subfield code="a"> D&#xED;az, Cristina. </subfield>
    <subfield code="e">Coautor</subfield>
  </datafield>
  <datafield tag="700" ind1=" " ind2=" ">
    <subfield code="a"> Morales, Ana Lucero. </subfield>
    <subfield code="e">Coautor</subfield>
  </datafield>
  <datafield tag="942" ind1=" " ind2=" ">
    <subfield code="2">ddc</subfield>
    <subfield code="c">BK</subfield>
  </datafield>
  <datafield tag="999" ind1=" " ind2=" ">
    <subfield code="c">14954</subfield>
    <subfield code="d">14954</subfield>
  </datafield>
  <datafield tag="952" ind1=" " ind2=" ">
    <subfield code="0">0</subfield>
    <subfield code="1">0</subfield>
    <subfield code="2">ddc</subfield>
    <subfield code="4">0</subfield>
    <subfield code="7">0</subfield>
    <subfield code="8">GEN</subfield>
    <subfield code="a">BPMOS</subfield>
    <subfield code="b">BPMOS</subfield>
    <subfield code="c">GEN</subfield>
    <subfield code="d">2023-07-24</subfield>
    <subfield code="e">Donaci&#xF3;n 2023</subfield>
    <subfield code="l">1</subfield>
    <subfield code="o">305.4  V47</subfield>
    <subfield code="p">MOS503226</subfield>
    <subfield code="r">2023-09-04</subfield>
    <subfield code="s">2023-09-02</subfield>
    <subfield code="t">Ej. 1</subfield>
    <subfield code="w">2023-07-24</subfield>
    <subfield code="y">BK</subfield>
    <subfield code="z">Ocho d&#xED;as</subfield>
  </datafield>
</record>
